header

The harmony of nature and spirit (Record no. 104772)

MARC details
000 -LEADER
fixed length control field 01343nam a2200361Ia 4500
100 1# - MAIN ENTRY--AUTHOR NAME
Personal name Singer, Irving.
245 14 - TITLE STATEMENT
Title The harmony of nature and spirit
260 ## - PUBLICATION, DISTRIBUTION, ETC. (IMPRINT)
Place of publication Cambridge, MA :
Name of publisher MIT Press,
Year of publication 2010.
300 ## - PHYSICAL DESCRIPTION
Number of Pages xix, 222 p.
490 1# - SERIES STATEMENT
Series statement Meaning in life ;
Series statement The Irving Singer library
650 #0 - SUBJECT ADDED ENTRY--TOPICAL TERM
Topical Term Life.
Topical Term Meaning (Philosophy)
Topical Term Philosophy of nature.
Topical Term Spirit.
856 40 - ELECTRONIC LOCATION AND ACCESS
Uniform Resource Identifier http://site.ebrary.com/lib/rucke/Doc?id=10359386

No items available.

© 2026 Rongo University
Contact us: librarian | system librarian | Rongo university